Höchster Gipfel aller Schweizer Kantone - Statistiken

Allgemein
  • Dieses Quiz wurde 72 mal gespielt
    71 seit der letzten Aktualisierung
  • Das Durchschnittsergebnis liegt bei 7 aus 25
Antwortstatistiken
Höhe (m.ü.M.) Kanton(e) Bergkette Gipfel % Korrekt
4634 Wallis Alpen Dufourspitze
94%
2502 Appenzell Innerrhoden, Appenzell Ausserrhoden Alpen Säntis
74%
4048 Graubünden Alpen Piz Bernina
59%
3612 Glarus Alpen Tödi / Piz Russein
57%
4274 Bern Alpen Finsteraarhorn
52%
1552 Neuenburg Jura Chasseral Ouest
41%
3238 Obwalden Alpen Titlis
41%
2348 Luzern Alpen Brienzer Rothorn
33%
1291 Zürich Tössbergland Schnebelhorn
31%
3630 Uri Alpen Dammastock
24%
3247 St. Gallen Alpen Ringelspitz
24%
522 Basel-Stadt Dinkelberg St. Chrischona
24%
2801 Schwyz Alpen Bös Fulen
22%
908 Aargau Jura Geissfluegrat
19%
1444 Solothurn Jura Hasenmatt
17%
3402 Tessin Alpen Rheinwaldhorn
17%
1580 Zug Voralpen Wildspitz
17%
2389 Freiburg Voralpen Vanil Noir
15%
3210 Waadt Alpen Les Diablerets
13%
1169 Basel-Landschaft Jura Hinteri Egg
11%
2900 Nidwalden Alpen Rotstöckli
11%
991 Thurgau Mittelland Groot / Grat
9%
912 Schaffhausen Randen Hage
7%
517 Genf (keine) Les Arales / La Monniaz
7%
1302 Jura Jura Mont Raimeux
7%
Keine übereinstimmenden Quizze gefunden
Verteilung der Resultate
Anzahl Personen mit jedem Resultat
Perzentil nach korrekt beantworteten Fragen
Ihre Resultats-Entwicklung
Sie haben dieses Quiz seit der letzten Aktualisierung nicht gespielt